<?xml version="1.0" encoding="UTF-8"?>
<record
    xmlns:xsi="http://www.w3.org/2001/XMLSchema-instance"
    xsi:schemaLocation="http://www.loc.gov/MARC21/slim http://www.loc.gov/standards/marcxml/schema/MARC21slim.xsd"
    xmlns="http://www.loc.gov/MARC21/slim">

  <leader>01346aam a2200313 a 4500</leader>
  <controlfield tag="003">AR-BeUNQ</controlfield>
  <controlfield tag="005">20250311162139.0</controlfield>
  <controlfield tag="008">151008s2014||||ag       |||| 000|p spa d</controlfield>
  <datafield tag="020" ind1=" " ind2=" ">
    <subfield code="a">9789500436434</subfield>
  </datafield>
  <datafield tag="040" ind1=" " ind2=" ">
    <subfield code="a">AR-BeUNQ</subfield>
    <subfield code="b">spa</subfield>
    <subfield code="e">aacr</subfield>
    <subfield code="c">AR-BeUNQ</subfield>
  </datafield>
  <datafield tag="082" ind1="0" ind2="4">
    <subfield code="a">Ar 861</subfield>
    <subfield code="2">21</subfield>
  </datafield>
  <datafield tag="100" ind1="1" ind2=" ">
    <subfield code="a">Ocampo, Silvina</subfield>
    <subfield code="d">1903-1993.</subfield>
  </datafield>
  <datafield tag="245" ind1="0" ind2="2">
    <subfield code="a">Poes&#xED;a completa. </subfield>
    <subfield code="c">Silvina Ocampo ; edici&#xF3;n a cargo de Sara Luisa del Carril y Mercedes Rubio de Zocchi ; con la colaboraci&#xF3;n de Daniel Gigena.</subfield>
    <subfield code="n">I / </subfield>
  </datafield>
  <datafield tag="250" ind1=" " ind2=" ">
    <subfield code="a">1a. ed.</subfield>
  </datafield>
  <datafield tag="260" ind1=" " ind2=" ">
    <subfield code="a">Buenos Aires : </subfield>
    <subfield code="b">Emec&#xE9;, </subfield>
    <subfield code="c">2014.</subfield>
  </datafield>
  <datafield tag="300" ind1=" " ind2=" ">
    <subfield code="a">392 p. ; </subfield>
    <subfield code="c">23 cm.</subfield>
  </datafield>
  <datafield tag="490" ind1="1" ind2=" ">
    <subfield code="a">Colecci&#xF3;n Juan Gelman ; </subfield>
  </datafield>
  <datafield tag="500" ind1=" " ind2=" ">
    <subfield code="a">Edici&#xF3;n especial para el Ministerio de Educaci&#xF3;n.</subfield>
  </datafield>
  <datafield tag="505" ind1="0" ind2=" ">
    <subfield code="a">Nota del editor -- Enumeraci&#xF3;n de la patria y otros poemas -1942- -- Espacios m&#xE9;tricos -1945- -- Traducciones de Sur -1947- -- Poemas de amor desesperado -1949- -- Los nombres -1953.</subfield>
  </datafield>
  <datafield tag="650" ind1=" " ind2="7">
    <subfield code="a">Literatura (arte)</subfield>
    <subfield code="2">spines</subfield>
  </datafield>
  <datafield tag="650" ind1=" " ind2="7">
    <subfield code="a">Literatura argentina</subfield>
    <subfield code="2">tell</subfield>
  </datafield>
  <datafield tag="650" ind1=" " ind2="7">
    <subfield code="a">Poes&#xED;a</subfield>
    <subfield code="2">tell</subfield>
  </datafield>
  <datafield tag="700" ind1="1" ind2=" ">
    <subfield code="a">Carril, Sara Luisa del, </subfield>
    <subfield code="e">editora</subfield>
    <subfield code="4">edt</subfield>
  </datafield>
  <datafield tag="700" ind1="1" ind2=" ">
    <subfield code="a">Rubio de Zocchi, Mercedes,</subfield>
    <subfield code="e">editora</subfield>
    <subfield code="4">edt</subfield>
  </datafield>
  <datafield tag="700" ind1="1" ind2=" ">
    <subfield code="a">Gigena, Daniel, </subfield>
    <subfield code="e">colaborador</subfield>
    <subfield code="4">clb</subfield>
  </datafield>
  <datafield tag="830" ind1=" " ind2="0">
    <subfield code="a">Colecci&#xF3;n Juan Gelman. ; </subfield>
    <subfield code="v">26</subfield>
  </datafield>
  <datafield tag="929" ind1=" " ind2=" ">
    <subfield code="a">DONACION</subfield>
    <subfield code="b">Ministerio de Educaci&#xF3;n</subfield>
    <subfield code="d">300,00E</subfield>
    <subfield code="e">20151005</subfield>
    <subfield code="f">PAT0059796</subfield>
    <subfield code="g">2912 Exp. 827-0387/98</subfield>
    <subfield code="j">53771</subfield>
  </datafield>
  <datafield tag="942" ind1=" " ind2=" ">
    <subfield code="c">LIB</subfield>
    <subfield code="n">0</subfield>
  </datafield>
  <datafield tag="999" ind1=" " ind2=" ">
    <subfield code="c">10</subfield>
    <subfield code="d">10</subfield>
  </datafield>
  <datafield tag="952" ind1=" " ind2=" ">
    <subfield code="0">0</subfield>
    <subfield code="1">0</subfield>
    <subfield code="a">BIBESET</subfield>
    <subfield code="b">BIBESET</subfield>
    <subfield code="c">circulacion</subfield>
    <subfield code="d">2016-06-02</subfield>
    <subfield code="h">v. 1</subfield>
    <subfield code="l">0</subfield>
    <subfield code="o">861 OCA</subfield>
    <subfield code="p">53771</subfield>
    <subfield code="r">2025-11-27</subfield>
    <subfield code="t">1</subfield>
    <subfield code="w">2022-02-24</subfield>
    <subfield code="y">LIB</subfield>
    <subfield code="k">CMG</subfield>
  </datafield>
</record>
